| 000 | 00554nam a2200193 a 4500 | ||
|---|---|---|---|
| 005 | 20230902063619.0 | ||
| 008 | 991125s1955 mx 000 0 spa u | ||
| 035 | _aUPN01000115090 | ||
| 049 | _aF | ||
| 050 | 4 |
_aB105 E9 _bL3.4 |
|
| 100 | 1 |
_aLabastida, Horacio, _d1918-2004 _928848 |
|
| 245 | 1 | 0 |
_aExperiencia y deducción / _cHoracio Labastida. |
| 260 |
_aMéxico : _bUNAM, _c1955. |
||
| 300 | _a16 p. | ||
| 440 | 0 |
_aSeminario de problemas científicos y filosóficos ; _v7 |
|
| 650 | 4 |
_aExperiencia _915048 |
|
| 650 | 4 |
_aLógica _96206 |
|
| 905 | _aLibro | ||
| 999 |
_c88716 _d88716 |
||